000
00336nam a2200133Ia 4500
008
240624s9999 xx 000 0 und d
041
_a
eng
082
_a
658.812 BAR
100
_a
BARWISE PATRICK
245
_a
BEYOND THE FAMILIAR LONG TERM GROWTH THR
260
_c
2011
_a
San Francisco
_b
Jossey-Bass
300
_a
184 : p.
365
_c
999
_c
23920
_d
23920